[Event "Treviso Lega op-B 2nd"]
[Site "Treviso"]
[Date "2018.03.02"]
[Round "1"]
[White "Bressan, Andrea"]
[Black "Spinella, Rocio"]
[Result "0-1"]
[WhiteElo "1568"]
[BlackElo "1371"]
[PlyCount "154"]
[EventDate "2018.03.02"]
[EventType "swiss"]
[EventRounds "5"]
[EventCountry "ITA"]
[SourceTitle "EXT 2022"]
[Source "ChessBase"]
[SourceDate "2021.10.06"]
[SourceVersion "1"]
[SourceVersionDate "2021.10.06"]
[SourceQuality "1"]

1. e4 e5 2. Nf3 Nc6 3. Bb5 a6 4. Bxc6 dxc6 5. 0-0 Bg4 6. h3 Bxf3 7. Qxf3 Qf6 8. Qg4 Nh6 9. Qg3 Bd6 10. d3 0-0 11. Be3 Rae8 12. Nd2 Re6 13. Nc4 Qg6 14. Qxg6 Rxg6 15. Na5 Rb8 16. Nc4 b6 17. Rad1 c5 18. c3 Re6 19. Nxd6 cxd6 20. f4 f6 21. f5 Re7 22. Bxh6 gxh6 23. c4 b5 24. b3 bxc4 25. dxc4 Rd8 26. Rf3 a5 27. Rfd3 Red7 28. Kf2 h5 29. R1d2 Kg7 30. h4 Kf8 31. Rg3 Rg7 32. Rxg7 Kxg7 33. Ke1 Kf7 34. g3 Ke7 35. Kd1 Rg8 36. Rd3 Rg4 37. Re3 Kd7 38. Kc2 Kc6 39. Kc3 Rg8 40. a3 Rb8 41. Re1 Rg8 42. Rg1 Rg7 43. b4 cxb4+ 44. axb4 axb4+ 45. Kxb4 Rg4 46. Kc3 Rxe4 47. Kd3 Rd4+ 48. Kc3 Kc5 49. Ra1 Rxc4+ 50. Kd3 Rg4 51. Ra5+ Kb6 52. Ra8 Rxg3+ 53. Ke4 Rg4+ 54. Kd5 Rd4+ 55. Ke6 Rxh4 56. Kxd6 Rc4 57. Rf8 Rc6+ 58. Kd5 h4 59. Rg8 h3 60. Rg1 h2 61. Rh1 Rc2 62. Ke6 Rc6+ 63. Kd5 Rc5+ 64. Ke6 Rc6+ 65. Kd5 Kc7 66. Rxh2 Rd6+ 67. Kc5 Rd7 68. Rh6 Rf7 69. Kd5 Kd7 70. Rh3 Ke7 71. Ra3 Kf8 72. Ke6 e4 73. Re3 h5 74. Rh3 e3 75. Rxh5 e2 76. Rh1 e1Q+ 77. Rxe1 Re7+ 0-1

[Event "Treviso TWE op-B 30th"]
[Site "Treviso"]
[Date "2006.12.09"]
[Round "3.21"]
[White "Bressan, Andrea"]
[Black "Brunello, Marco"]
[Result "1-0"]
[WhiteElo "1443"]
[BlackElo "1440"]
[PlyCount "125"]
[EventDate "2006.12.08"]
[EventType "swiss"]
[EventRounds "5"]
[EventCountry "ITA"]
[SourceTitle "EXT 2024"]
[Source "ChessBase"]
[SourceDate "2023.10.10"]
[SourceVersion "1"]
[SourceVersionDate "2023.10.10"]
[SourceQuality "1"]

1. e4 c5 2. Nc3 Nc6 3. g3 Nf6 4. Bg2 e6 5. d3 d5 6. exd5 exd5 7. Nge2 g6 8. h3 Bg7 9. 0-0 0-0 10. Nf4 d4 11. Ncd5 g5 12. Nxf6+ Bxf6 13. Nd5 Bg7 14. Qh5 Ne5 15. Bxg5 Qd7 16. Bf6 Qe6 17. Bxg7 Kxg7 18. Nc7 Qd6 19. Nxa8 Ng6 20. Rfe1 Rg8 21. Be4 Kh8 22. Bxg6 Rxg6 23. Re8+ Rg8 24. Rxg8+ Kxg8 25. Qg5+ Kf8 26. Kh2 Qd7 27. Qh6+ Kg8 28. Re1 b5 29. Re4 f5 30. Qg5+ Kh8 31. Qf6+ Kg8 32. Qe6+ Qxe6 33. Rxe6 Bxe6 34. Nc7 Bxa2 35. Nxb5 Bb1 36. Nxa7 Bxc2 37. Nc6 Bxd3 38. Ne5 c4 39. f4 Be2 40. Kg1 Kf8 41. Kf2 Bd1 42. Nxc4 Bc2 43. Ke1 Ke7 44. g4 Ke6 45. g5 Kd5 46. Nd2 Ke6 47. h4 Kf7 48. h5 Ba4 49. Nf3 d3 50. Nd4 Bc2 51. Nxc2 Ke6 52. Kd1 dxc2+ 53. Kxc2 Kd5 54. g6 hxg6 55. hxg6 Ke4 56. g7 Kxf4 57. g8Q Ke4 58. Qc4+ Ke5 59. b4 f4 60. b5 f3 61. b6 f2 62. b7 f1Q 63. Qxf1 1-0

[Event "Treviso TWE op-B 30th"]
[Site "Treviso"]
[Date "2006.12.09"]
[Round "2.15"]
[White "Caruso, Gaetano"]
[Black "Bressan, Andrea"]
[Result "1-0"]
[WhiteElo "1580"]
[BlackElo "1443"]
[PlyCount "79"]
[EventDate "2006.12.08"]
[EventType "swiss"]
[EventRounds "5"]
[EventCountry "ITA"]
[SourceTitle "EXT 2024"]
[Source "ChessBase"]
[SourceDate "2023.10.10"]
[SourceVersion "1"]
[SourceVersionDate "2023.10.10"]
[SourceQuality "1"]

1. d4 Nf6 2. c4 e6 3. Nc3 Bb4 4. Nf3 0-0 5. Bg5 Bxc3+ 6. bxc3 d6 7. e4 h6 8. Bh4 e5 9. h3 Nbd7 10. Bd3 Qe8 11. Nd2 b6 12. 0-0 Bb7 13. d5 Nh7 14. f4 Nc5 15. Bc2 f6 16. Qe2 Bc8 17. f5 Bd7 18. Qd1 Ba4 19. g4 Rb8 20. Bxa4 Nxa4 21. Qc2 Nc5 22. a4 Rb7 23. Kh2 Qf7 24. Rfb1 Rfb8 25. a5 a6 26. axb6 Rxb6 27. Bf2 Rxb1 28. Nxb1 Ng5 29. Nd2 Ra8 30. h4 Nh7 31. Bxc5 dxc5 32. Ra5 h5 33. Qd1 hxg4 34. Qxg4 Kf8 35. Nb3 Rb8 36. Nxc5 Rb2+ 37. Kg3 Qe7 38. Ne6+ Kg8 39. Rxa6 Nf8 40. Ra8 1-0

[Event "Treviso U2100 op"]
[Site "Treviso"]
[Date "2005.12.03"]
[Round "1.21"]
[White "Dussin, Davide"]
[Black "Bressan, Andrea"]
[Result "1-0"]
[WhiteElo "1763"]
[BlackElo "1440"]
[PlyCount "69"]
[EventDate "2005.12.03"]
[EventType "swiss"]
[EventRounds "5"]
[EventCountry "ITA"]
[SourceTitle "EXT 2024"]
[Source "ChessBase"]
[SourceDate "2023.10.10"]
[SourceVersion "1"]
[SourceVersionDate "2023.10.10"]
[SourceQuality "1"]

1. d4 Nf6 2. c4 e6 3. Nc3 Bb4 4. Nf3 d6 5. a3 Bxc3+ 6. bxc3 0-0 7. Bg5 Nbd7 8. e3 b5 9. Bd3 Bb7 10. Qc2 Qe8 11. 0-0 h6 12. Bh4 e5 13. Nd2 Rb8 14. f3 d5 15. dxe5 Qxe5 16. Rae1 Nc5 17. Bg3 Qe7 18. Bf5 Bc8 19. Bxc8 Rbxc8 20. e4 dxe4 21. fxe4 Ng4 22. h3 Ne5 23. Bxe5 Qxe5 24. Rf5 Qe6 25. e5 Rce8 26. Nf3 Qxc4 27. Nd4 Ne6 28. Re4 Qd5 29. Rg4 Kh8 30. Qf2 Qd7 31. Rh5 Rg8 32. Qf6 Kh7 33. Rxg7+ Rxg7 34. Qxh6+ Kg8 35. Qh8# 1-0